[Event "Wch Rapid"]
[Site "Moscow"]
[Date "2019.12.28"]
[Round "13"]
[White "Svidler, Peter"]
[Black "Grischuk, Alexander"]
[Result "1/2-1/2"]
[WhiteElo "2723"]
[BlackElo "2777"]
[PlyCount "47"]
[EventDate "2019.12.26"]
[EventType "swiss (rapid)"]
[EventRounds "15"]
[EventCountry "RUS"]
[SourceTitle "CBM 193 Extra"]
[Source "ChessBase"]
[SourceDate "2020.01.31"]
[SourceVersion "1"]
[SourceVersionDate "2020.01.31"]
[SourceQuality "1"]

1. c4 e5 2. g3 c6 3. Nf3 e4 4. Nd4 d5 5. cxd5 Qxd5 6. e3 Nf6 7. Nc3 Qe5 8. d3
Bc5 9. dxe4 Nxe4 10. Bg2 Nxc3 11. bxc3 O-O 12. O-O Nd7 13. e4 Nb6 14. Bf4 Qe7
15. Qb3 a5 16. a4 Be6 17. Nxe6 Qxe6 18. Rfb1 Qe7 19. h4 h6 20. Qc2 Rad8 21. Rb3
Nc4 22. Bf1 g5 23. hxg5 hxg5 24. Qe2 1/2-1/2

[Event "Wch Rapid"]
[Site "Moscow"]
[Date "2019.12.28"]
[Round "15"]
[White "Grischuk, Alexander"]
[Black "Alekseev, Evgeny V"]
[Result "1/2-1/2"]
[WhiteElo "2777"]
[BlackElo "2620"]
[PlyCount "28"]
[EventDate "2019.12.26"]
[EventType "swiss (rapid)"]
[EventRounds "15"]
[EventCountry "RUS"]
[SourceTitle "CBM 193 Extra"]
[Source "ChessBase"]
[SourceDate "2020.01.31"]
[SourceVersion "1"]
[SourceVersionDate "2020.01.31"]
[SourceQuality "1"]

1. Nf3 c5 2. c4 Nc6 3. Nc3 Nf6 4. g3 d6 5. Bg2 g6 6. d4 cxd4 7. Nxd4 Bd7 8. Nc2
Bg7 9. b3 h5 10. Bb2 h4 11. Qd2 h3 12. Bf3 Ne5 13. Ne3 Nxf3+ 14. exf3 O-O
1/2-1/2

[Event "Wch Blitz"]
[Site "Moscow"]
[Date "2019.12.29"]
[Round "12"]
[White "Chigaev, Maksim"]
[Black "Grischuk, Alexander"]
[Result "0-1"]
[WhiteElo "2631"]
[BlackElo "2777"]
[PlyCount "66"]
[EventDate "2019.12.29"]
[EventType "swiss (blitz)"]
[EventRounds "21"]
[EventCountry "RUS"]
[SourceTitle "CBM 193 Extra"]
[Source "ChessBase"]
[SourceDate "2020.01.31"]
[SourceVersion "1"]
[SourceVersionDate "2020.01.31"]
[SourceQuality "1"]

1. e4 d5 2. exd5 Qxd5 3. Nc3 Qa5 4. Bc4 Nf6 5. d3 c6 6. Nge2 Bf5 7. Bb3 Nbd7 8.
Be3 e6 9. Qd2 Be7 10. h3 h6 11. O-O-O Nc5 12. Kb1 Nxb3 13. axb3 Nd5 14. Bd4 f6
15. g4 Bh7 16. Nxd5 Qxd5 17. Bc3 a5 18. Rhe1 Qd7 19. Nf4 e5 20. Nh5 O-O 21. f4
exf4 22. Qxf4 b5 23. Nxg7 Kxg7 24. Bd2 a4 25. Qxh6+ Kg8 26. g5 fxg5 27. Re6 Rf7
28. Bc3 Bf8 29. Rg6+ Bg7 30. Rxg5 axb3 31. Rdg1 bxc2+ 32. Kc1 Ra1+ 33. Kxc2
Qxd3+ 0-1

[Event "PRO League Stage"]
[Site "Chess.com INT"]
[Date "2020.01.08"]
[Round "1"]
[White "Grischuk, Alexander"]
[Black "Sarana, Alexey"]
[Result "1-0"]
[WhiteElo "2777"]
[BlackElo "2656"]
[PlyCount "99"]
[EventDate "2020.01.06"]
[EventType "team-swiss (rapid)"]
[EventRounds "7"]
[EventCountry "USA"]
[SourceTitle "CBM 194 Extra"]
[Source "ChessBase"]
[SourceDate "2020.03.31"]
[SourceVersion "1"]
[SourceVersionDate "2020.03.31"]
[SourceQuality "1"]
[WhiteTeam "Canada Chessbrahs"]
[BlackTeam "California Unicorns"]
[WhiteTeamCountry "CAN"]
[BlackTeamCountry "USA"]

1. Nf3 d5 2. g3 Nf6 3. Bg2 g6 4. c4 c6 5. b3 Bg7 6. Bb2 O-O 7. O-O Nbd7 8. a4
Re8 9. d4 a5 10. cxd5 cxd5 11. Nc3 Nb8 12. Ne5 Bf5 13. e3 Nc6 14. Rc1 h5 15. h3
Rc8 16. Qe2 Nxe5 17. dxe5 Ne4 18. Rfd1 Nxc3 19. Bxc3 Qb6 20. Bxd5 Bxh3 21. Bd4
Qb4 22. Qb5 Bg4 23. Qxb4 axb4 24. f3 Be6 25. Bxe6 fxe6 26. f4 g5 27. Kf2 Kf7
28. Kf3 h4 29. gxh4 gxf4 30. exf4 Rh8 31. Be3 Rcf8 32. Rd7 Bxe5 33. Rxb7 Bd6
34. Rh1 Rc8 35. Ke4 Rh5 36. Rb5 Rd5 37. Bd4 Rc2 38. Rxd5 exd5+ 39. Kxd5 Rd2 40.
f5 Rd3 41. Kc4 Rf3 42. h5 Kg8 43. h6 Kh7 44. Rh5 Rf4 45. Kd5 Rf3 46. f6 Rxb3
47. f7 Rf3 48. Ke6 b3 49. Rf5 b2 50. f8=Q 1-0

[Event "PRO League Stage"]
[Site "Chess.com INT"]
[Date "2020.01.08"]
[Round "1"]
[White "Grischuk, Alexander"]
[Black "Smirnov, Anton"]
[Result "1/2-1/2"]
[WhiteElo "2777"]
[BlackElo "2604"]
[PlyCount "192"]
[EventDate "2020.01.06"]
[EventType "team-swiss (rapid)"]
[EventRounds "7"]
[EventCountry "USA"]
[SourceTitle "CBM 194 Extra"]
[Source "ChessBase"]
[SourceDate "2020.03.31"]
[SourceVersion "1"]
[SourceVersionDate "2020.03.31"]
[SourceQuality "1"]
[WhiteTeam "Canada Chessbrahs"]
[BlackTeam "California Unicorns"]
[WhiteTeamCountry "CAN"]
[BlackTeamCountry "USA"]

1. Nf3 d5 2. d3 Nf6 3. g3 g6 4. Bg2 Bg7 5. O-O O-O 6. c4 c6 7. Nc3 dxc4 8. dxc4
Qxd1 9. Rxd1 Be6 10. b3 Ne4 11. Nxe4 Bxa1 12. Ba3 Bg7 13. Bxe7 Re8 14. Nf6+
Bxf6 15. Bxf6 Nd7 16. Bb2 Rad8 17. Nd4 Nf8 18. Rc1 Bc8 19. Kf1 Ne6 20. Nf3 Nc5
21. Bd4 b6 22. Be3 Ne4 23. Ng5 f5 24. c5 b5 25. Nf3 Be6 26. Ne5 Bd5 27. f4 Re6
28. Bxe4 Bxe4 29. b4 g5 30. Kf2 g4 31. Ra1 Rh6 32. Kg1 Kf8 33. Rc1 Ke8 34. a3
Re6 35. Kf2 Rd5 36. Ke1 Rh6 37. Bg1 Rd8 38. Ra1 Bc2 39. Rc1 Be4 40. Ra1 a6 41.
a4 Re6 42. axb5 axb5 43. Be3 Re7 44. Bd2 Rc7 45. Bc3 Ke7 46. Kf2 Ke6 47. Ke3 h5
48. Ra6 Rdc8 49. Bd4 Rh7 50. Bc3 Rb7 51. Bd4 Rbc7 52. Bc3 Rh7 53. Bd4 Rb7 54.
Bc3 Rbb8 55. Ra7 Ra8 56. Rh7 Ra3 57. Rh6+ Ke7 58. Rh7+ Kf6 59. Rh6+ Kg7 60.
Rg6+ Kh7 61. Kd4 Rd8+ 62. Rd6 Raa8 63. Ke3 Rxd6 64. cxd6 Rd8 65. d7 Bd5 66. Bd4
Be6 67. Bb6 Rxd7 68. Nxd7 Bxd7 69. Kd4 Kg6 70. Ke5 Kf7 71. Kd6 Be6 72. Ke5 Bd7
73. e3 Be6 74. Bc5 Bd7 75. e4 fxe4 76. f5 Bc8 77. Kxe4 Bd7 78. Ke5 Bc8 79. Bd4
Bd7 80. Kf4 Be8 81. Kg5 Kg8 82. Kf6 Bd7 83. Kg6 Be8+ 84. Kf6 Bd7 85. Bc5 Be8
86. Be3 Bf7 87. Bd4 Kf8 88. Bc5+ Kg8 89. Kg5 Be8 90. f6 Bf7 91. Kf5 Bd5 92. Kg6
Bf7+ 93. Kf5 Bd5 94. Kg5 Bf7 95. Kh6 Be8 96. Kg5 Bf7 1/2-1/2

[Event "PRO League Stage"]
[Site "Chess.com INT"]
[Date "2020.01.08"]
[Round "1"]
[White "Naroditsky, Daniel"]
[Black "Grischuk, Alexander"]
[Result "1/2-1/2"]
[WhiteElo "2621"]
[BlackElo "2777"]
[PlyCount "37"]
[EventDate "2020.01.06"]
[EventType "team-swiss (rapid)"]
[EventRounds "7"]
[EventCountry "USA"]
[SourceTitle "CBM 194 Extra"]
[Source "ChessBase"]
[SourceDate "2020.03.31"]
[SourceVersion "1"]
[SourceVersionDate "2020.03.31"]
[SourceQuality "1"]
[WhiteTeam "California Unicorns"]
[BlackTeam "Canada Chessbrahs"]
[WhiteTeamCountry "USA"]
[BlackTeamCountry "CAN"]

1. e4 e5 2. Nf3 Nc6 3. Bb5 Nf6 4. O-O Nxe4 5. Re1 Nd6 6. Nxe5 Be7 7. Bf1 Nxe5
8. Rxe5 O-O 9. Nc3 Ne8 10. Nd5 Bd6 11. Re1 c6 12. Ne3 Be7 13. d4 d5 14. Bd3 Nd6
15. c3 Re8 16. Ng4 Bf5 17. Bxf5 Nxf5 18. Bf4 Bf8 19. Qd3 1/2-1/2

[Event "PRO League Stage"]
[Site "Chess.com INT"]
[Date "2020.01.08"]
[Round "1"]
[White "Zierk, Steven C"]
[Black "Grischuk, Alexander"]
[Result "1/2-1/2"]
[WhiteElo "2509"]
[BlackElo "2777"]
[PlyCount "72"]
[EventDate "2020.01.06"]
[EventType "team-swiss (rapid)"]
[EventRounds "7"]
[EventCountry "USA"]
[SourceTitle "CBM 194 Extra"]
[Source "ChessBase"]
[SourceDate "2020.03.31"]
[SourceVersion "1"]
[SourceVersionDate "2020.03.31"]
[SourceQuality "1"]
[WhiteTeam "California Unicorns"]
[BlackTeam "Canada Chessbrahs"]
[WhiteTeamCountry "USA"]
[BlackTeamCountry "CAN"]

1. e4 d5 2. exd5 Qxd5 3. Nc3 Qa5 4. Bc4 Nf6 5. Nf3 c6 6. d4 Bf5 7. O-O e6 8.
Bf4 Be7 9. Ne2 Nbd7 10. Ng3 Bg6 11. Ne5 Nxe5 12. Bxe5 O-O 13. h4 h6 14. f4 Bf5
15. Bd3 Bxd3 16. Qxd3 c5 17. Qe2 cxd4 18. Bxd4 Bc5 19. Rfd1 Rfd8 20. Bxc5 Qxc5+
21. Kh1 Rd4 22. Rf1 Rad8 23. Rad1 Rxd1 24. Rxd1 Rxd1+ 25. Qxd1 Qf2 26. Qd8+ Kh7
27. Qd3+ g6 28. Qf3 Qe1+ 29. Kh2 h5 30. Qxb7 Kg7 31. Qxa7 Qd2 32. c3 Ng4+ 33.
Kh3 Nf2+ 34. Kh2 Ng4+ 35. Kh3 Nf2+ 36. Kh2 Ng4+ 1/2-1/2

[Event "PRO League Stage"]
[Site "Chess.com INT"]
[Date "2020.01.13"]
[Round "2"]
[White "Bitelmajer, Martin"]
[Black "Grischuk, Alexander"]
[Result "0-1"]
[WhiteElo "2475"]
[BlackElo "2777"]
[PlyCount "88"]
[EventDate "2020.01.06"]
[EventType "team-swiss (rapid)"]
[EventRounds "7"]
[EventCountry "USA"]
[SourceTitle "CBM 194 Extra"]
[Source "ChessBase"]
[SourceDate "2020.03.31"]
[SourceVersion "1"]
[SourceVersionDate "2020.03.31"]
[SourceQuality "1"]
[WhiteTeam "Argentina Krakens"]
[BlackTeam "Canada Chessbrahs"]
[WhiteTeamCountry "ARG"]
[BlackTeamCountry "CAN"]

1. d4 Nf6 2. c4 e6 3. g3 d5 4. Nf3 Bb4+ 5. Bd2 Bd6 6. Bg2 O-O 7. Qc2 Nbd7 8.
O-O c6 9. b3 Ne4 10. Nc3 Nxd2 11. Nxd2 f5 12. e3 Nf6 13. c5 Bc7 14. b4 e5 15.
dxe5 Bxe5 16. Nf3 Bc7 17. Nd4 Ne4 18. Nce2 Bd7 19. f3 Ng5 20. Nf4 Qf6 21. b5
Rae8 22. bxc6 bxc6 23. Qb3 Re7 24. Rad1 Rb8 25. Qa3 a5 26. Rb1 Rbe8 27. Rfe1
Nf7 28. Rb7 Bc8 29. Rxc7 Rxc7 30. Qxa5 Rce7 31. Qd2 Ba6 32. Bh3 g6 33. g4 fxg4
34. Bxg4 Ne5 35. Qf2 Bc8 36. Bxc8 Rxc8 37. Rb1 Nc4 38. Rb3 Rce8 39. Ng2 Nxe3
40. Nxc6 Qxc6 41. Nxe3 Qxc5 42. Ng2 Qc1+ 43. Qf1 Re1 44. Nxe1 Rxe1 0-1

[Event "PRO League Stage"]
[Site "Chess.com INT"]
[Date "2020.01.13"]
[Round "2"]
[White "Flores, Diego"]
[Black "Grischuk, Alexander"]
[Result "0-1"]
[WhiteElo "2599"]
[BlackElo "2777"]
[PlyCount "124"]
[EventDate "2020.01.06"]
[EventType "team-swiss (rapid)"]
[EventRounds "7"]
[EventCountry "USA"]
[SourceTitle "CBM 194 Extra"]
[Source "ChessBase"]
[SourceDate "2020.03.31"]
[SourceVersion "1"]
[SourceVersionDate "2020.03.31"]
[SourceQuality "1"]
[WhiteTeam "Argentina Krakens"]
[BlackTeam "Canada Chessbrahs"]
[WhiteTeamCountry "ARG"]
[BlackTeamCountry "CAN"]

1. c4 e5 2. Nc3 Nf6 3. e3 Bb4 4. Nge2 O-O 5. a3 Be7 6. b4 c6 7. d4 exd4 8. Nxd4
d5 9. Bb2 a5 10. b5 c5 11. Nf3 Be6 12. cxd5 Nxd5 13. Qc2 Nxc3 14. Bxc3 Bf6 15.
Rd1 Bxc3+ 16. Qxc3 Nd7 17. Be2 Qe7 18. O-O Nb6 19. Ne5 Rfc8 20. Rc1 c4 21. Nf3
Na4 22. Qc2 Nb6 23. Rfd1 c3 24. Nd4 Rc7 25. Nxe6 Qxe6 26. Qd3 Qf6 27. Qd6 Qxd6
28. Rxd6 Na4 29. b6 Rc5 30. Bd1 Nb2 31. Bf3 g6 32. Bxb7 Rb8 33. Bd5 Kf8 34. Bf3
Ke7 35. Rd5 Rxd5 36. Bxd5 Rxb6 37. Rxc3 Na4 38. Rc1 Nc3 39. Bc4 Rb1 40. Rxb1
Nxb1 41. a4 Nc3 42. Bb3 Kd6 43. Bxf7 Nxa4 44. h4 Nc3 45. h5 a4 46. hxg6 hxg6
47. f4 a3 48. Bb3 a2 49. Bxa2 Nxa2 50. Kf2 Nc3 51. Kf3 Kd5 52. Kg4 Ne4 53. Kf3
Nf6 54. g4 Ne4 55. g5 Nd6 56. e4+ Nxe4 57. f5 gxf5 58. Kf4 Ke6 59. g6 Nf6 60.
g7 Nh5+ 61. Kg5 Nxg7 62. Kf4 Kf6 0-1

[Event "PRO League Stage"]
[Site "Chess.com INT"]
[Date "2020.01.13"]
[Round "2"]
[White "Grischuk, Alexander"]
[Black "Perez Ponsa, Federico"]
[Result "1-0"]
[WhiteElo "2777"]
[BlackElo "2559"]
[PlyCount "71"]
[EventDate "2020.01.06"]
[EventType "team-swiss (rapid)"]
[EventRounds "7"]
[EventCountry "USA"]
[SourceTitle "CBM 194 Extra"]
[Source "ChessBase"]
[SourceDate "2020.03.31"]
[SourceVersion "1"]
[SourceVersionDate "2020.03.31"]
[SourceQuality "1"]
[WhiteTeam "Canada Chessbrahs"]
[BlackTeam "Argentina Krakens"]
[WhiteTeamCountry "CAN"]
[BlackTeamCountry "ARG"]

1. d4 Nf6 2. c4 g6 3. Nc3 Bg7 4. e4 d6 5. Nf3 O-O 6. Be2 e5 7. O-O Nc6 8. d5
Ne7 9. b4 a5 10. bxa5 c5 11. a4 Rxa5 12. Bd2 Ra6 13. Rb1 Kh8 14. Re1 Nfg8 15.
Qc1 h6 16. g3 f5 17. Rb3 fxe4 18. Nxe4 Rxa4 19. Nh4 Ra6 20. Bd3 g5 21. Ng2 Nf5
22. Bc3 Qe8 23. Qc2 Qh5 24. Reb1 Nd4 25. Bxd4 exd4 26. Rb6 Ra3 27. Rxd6 Bh3 28.
Ne1 Bf5 29. Nxc5 Bxd3 30. Nexd3 Nf6 31. Rxf6 Bxf6 32. Nd7 Rf7 33. N7e5 Bxe5 34.
Nxe5 Rf6 35. Rxb7 Ra1+ 36. Kg2 1-0

[Event "PRO League Stage"]
[Site "Chess.com INT"]
[Date "2020.01.13"]
[Round "2"]
[White "Grischuk, Alexander"]
[Black "Pichot, Alan"]
[Result "1-0"]
[WhiteElo "2777"]
[BlackElo "2606"]
[PlyCount "73"]
[EventDate "2020.01.06"]
[EventType "team-swiss (rapid)"]
[EventRounds "7"]
[EventCountry "USA"]
[SourceTitle "CBM 194 Extra"]
[Source "ChessBase"]
[SourceDate "2020.03.31"]
[SourceVersion "1"]
[SourceVersionDate "2020.03.31"]
[SourceQuality "1"]
[WhiteTeam "Canada Chessbrahs"]
[BlackTeam "Argentina Krakens"]
[WhiteTeamCountry "CAN"]
[BlackTeamCountry "ARG"]

1. Nf3 d5 2. g3 Nf6 3. Bg2 c5 4. O-O e6 5. d3 Be7 6. e4 Nc6 7. Qe2 O-O 8. e5
Nd7 9. c4 b5 10. cxb5 Na5 11. Rd1 a6 12. bxa6 Bxa6 13. Qe1 Nc6 14. Nc3 Qb8 15.
Bf4 Qxb2 16. a3 Qb6 17. h4 Qa5 18. Bd2 Qd8 19. Bf4 Nd4 20. Nxd4 cxd4 21. Ne2
Nc5 22. Nxd4 Nxd3 23. Qe3 Nxf4 24. Qxf4 Rc8 25. Rdc1 Qb6 26. Bf1 Bxf1 27. Kxf1
Rxc1+ 28. Rxc1 Bxa3 29. Rc6 Qb4 30. Kg2 Qb7 31. Rc3 Be7 32. Qc1 Bd8 33. Rb3 Qa7
34. Nc6 Qc7 35. Qc5 Re8 36. Rb8 f6 37. Rxd8 1-0

[Event "PRO League Stage"]
[Site "Chess.com INT"]
[Date "2020.01.20"]
[Round "3"]
[White "Grischuk, Alexander"]
[Black "Diamant, Andre"]
[Result "1/2-1/2"]
[WhiteElo "2777"]
[BlackElo "2547"]
[PlyCount "92"]
[EventDate "2020.01.06"]
[EventType "team-swiss (rapid)"]
[EventRounds "7"]
[EventCountry "USA"]
[SourceTitle "CBM 194 Extra"]
[Source "ChessBase"]
[SourceDate "2020.03.31"]
[SourceVersion "1"]
[SourceVersionDate "2020.03.31"]
[SourceQuality "1"]
[WhiteTeam "Canada Chessbrahs"]
[BlackTeam "Brazil Capybaras"]
[WhiteTeamCountry "CAN"]
[BlackTeamCountry "BRA"]

1. e4 c5 2. Nf3 Nc6 3. d4 cxd4 4. Nxd4 Nf6 5. Nc3 d6 6. Bg5 e6 7. Qd2 Qb6 8.
Bxf6 gxf6 9. Nb3 a6 10. O-O-O h5 11. Kb1 Qc7 12. f4 b5 13. Bd3 Bb7 14. Ne2
O-O-O 15. f5 Kb8 16. fxe6 fxe6 17. Rhf1 Bh6 18. Qe1 Qe7 19. Qf2 Rhf8 20. Nf4
Bxf4 21. Qxf4 Ne5 22. Qe3 Ng4 23. Qh3 Rc8 24. Rde1 Rh8 25. Qh4 Rh6 26. Nd4 Rc5
27. a3 Ka8 28. c3 Ne5 29. Bc2 Nc4 30. Qf2 Rg6 31. Re2 Ne5 32. h3 Nc4 33. Qe1
Ne5 34. Qh4 Rg5 35. Qf2 Rg6 36. Qe1 Rg5 37. Rff2 Rg6 38. Ka1 Rg5 39. Qd1 Rg3
40. Qf1 Rg6 41. Qc1 Rg5 42. Qe1 Rg6 43. Re3 Nc4 44. Ree2 Ne5 45. Qf1 Rc8 46.
Qc1 Rc5 1/2-1/2

[Event "PRO League Stage"]
[Site "Chess.com INT"]
[Date "2020.01.20"]
[Round "3"]
[White "Grischuk, Alexander"]
[Black "Disconzi da Silva, Rodrigo"]
[Result "1-0"]
[WhiteElo "2777"]
[BlackElo "2333"]
[PlyCount "85"]
[EventDate "2020.01.06"]
[EventType "team-swiss (rapid)"]
[EventRounds "7"]
[EventCountry "USA"]
[SourceTitle "CBM 194 Extra"]
[Source "ChessBase"]
[SourceDate "2020.03.31"]
[SourceVersion "1"]
[SourceVersionDate "2020.03.31"]
[SourceQuality "1"]
[WhiteTeam "Canada Chessbrahs"]
[BlackTeam "Brazil Capybaras"]
[WhiteTeamCountry "CAN"]
[BlackTeamCountry "BRA"]

1. e4 c5 2. Nf3 e6 3. d4 cxd4 4. Nxd4 a6 5. c4 Nf6 6. Nc3 Qc7 7. Be2 d6 8. O-O
Be7 9. Be3 O-O 10. Rc1 b6 11. Qd2 Bb7 12. f3 Nbd7 13. Rfd1 Rfc8 14. b4 Rab8 15.
a3 Qd8 16. Bf1 Ba8 17. Nb3 Qe8 18. Na4 Bc6 19. Nb2 Ne5 20. Bd4 Nfd7 21. Rc3 h6
22. Qf2 Ng6 23. Nd3 Bh4 24. Qb2 Bg5 25. Kh1 Qe7 26. Rc2 e5 27. Bg1 Rf8 28. Nf2
h5 29. Qc3 h4 30. Qd3 Ba4 31. Rc3 Rfd8 32. Nh3 Ndf8 33. Nxg5 Qxg5 34. Qe3 Nf4
35. Rd2 N8e6 36. Nc1 g6 37. Nd3 Kg7 38. Nxf4 exf4 39. Qe1 Qe5 40. Rd5 Qf6 41.
Rcd3 Nc7 42. Bd4 Nxd5 43. cxd5 1-0

[Event "PRO League Stage"]
[Site "Chess.com INT"]
[Date "2020.01.20"]
[Round "3"]
[White "Martins, Vinicius Tine"]
[Black "Grischuk, Alexander"]
[Result "0-1"]
[WhiteElo "2309"]
[BlackElo "2777"]
[PlyCount "82"]
[EventDate "2020.01.06"]
[EventType "team-swiss (rapid)"]
[EventRounds "7"]
[EventCountry "USA"]
[SourceTitle "CBM 194 Extra"]
[Source "ChessBase"]
[SourceDate "2020.03.31"]
[SourceVersion "1"]
[SourceVersionDate "2020.03.31"]
[SourceQuality "1"]
[WhiteTeam "Brazil Capybaras"]
[BlackTeam "Canada Chessbrahs"]
[WhiteTeamCountry "BRA"]
[BlackTeamCountry "CAN"]

1. Nf3 Nf6 2. c4 b6 3. g3 Bb7 4. Bg2 c5 5. Nc3 g6 6. O-O Bg7 7. d4 cxd4 8. Nxd4
Bxg2 9. Kxg2 O-O 10. e4 Qc7 11. b3 Nxe4 12. Nxe4 Qe5 13. Qf3 Qxd4 14. Be3 Qe5
15. Nf6+ Bxf6 16. Qxa8 Nc6 17. Qb7 Qe4+ 18. Kg1 Bxa1 19. Rxa1 Rb8 20. Qc7 Qe5
21. Qxe5 Nxe5 22. Bf4 f6 23. a4 d6 24. Bxe5 fxe5 25. Rd1 Kf7 26. f3 Ke6 27. Kf2
g5 28. g4 h5 29. h3 Rf8 30. Ke3 hxg4 31. hxg4 Rh8 32. Ra1 Rh2 33. a5 Rb2 34.
Ra3 bxa5 35. Ke4 a6 36. Rxa5 Rxb3 37. Rxa6 Rc3 38. Ra4 Rxc4+ 39. Rxc4 d5+ 40.
Kd3 dxc4+ 41. Kxc4 e4 0-1

[Event "PRO League Stage"]
[Site "Chess.com INT"]
[Date "2020.01.20"]
[Round "3"]
[White "Milos, Gilberto"]
[Black "Grischuk, Alexander"]
[Result "0-1"]
[WhiteElo "2575"]
[BlackElo "2777"]
[PlyCount "104"]
[EventDate "2020.01.06"]
[EventType "team-swiss (rapid)"]
[EventRounds "7"]
[EventCountry "USA"]
[SourceTitle "CBM 194 Extra"]
[Source "ChessBase"]
[SourceDate "2020.03.31"]
[SourceVersion "1"]
[SourceVersionDate "2020.03.31"]
[SourceQuality "1"]
[WhiteTeam "Brazil Capybaras"]
[BlackTeam "Canada Chessbrahs"]
[WhiteTeamCountry "BRA"]
[BlackTeamCountry "CAN"]

1. e4 c5 2. Nf3 d6 3. d4 cxd4 4. Nxd4 Nf6 5. Nc3 a6 6. Be2 e5 7. Nb3 Be7 8. Be3
Be6 9. Nd5 Nbd7 10. Qd3 O-O 11. O-O Bxd5 12. exd5 Rc8 13. c4 Ne8 14. Rac1 g6
15. Rfd1 Ng7 16. Bh6 Re8 17. Qh3 f5 18. Bf1 Bf6 19. Rc2 a5 20. Nd2 e4 21. Bf4
Nc5 22. Nb3 b6 23. Nd4 Nd3 24. Bxd3 Bxd4 25. Be2 Qf6 26. Qg3 Be5 27. Bg5 Qf7
28. f4 exf3 29. Qxf3 f4 30. Qd3 Nf5 31. Bg4 Ne3 32. Bxc8 Rxc8 33. b3 b5 34.
Rcc1 bxc4 35. bxc4 Nxd1 36. Rxd1 Qa7+ 37. Kh1 Qe3 38. Qxe3 fxe3 39. Bxe3 Rxc4
40. Rc1 Re4 41. Bb6 Ra4 42. g4 Rxg4 43. Bxa5 Ra4 44. Bc3 Bf4 45. Rf1 g5 46. Rf2
Kf7 47. Kg2 Kg6 48. h3 Kf5 49. Re2 h5 50. Be1 Rd4 51. Bf2 Ra4 52. Rc2 Ke4 0-1

[Event "PRO League Stage"]
[Site "Chess.com INT"]
[Date "2020.01.29"]
[Round "4"]
[White "Grischuk, Alexander"]
[Black "Berchtenbreiter, Maximilian"]
[Result "1-0"]
[WhiteElo "2777"]
[BlackElo "2488"]
[PlyCount "63"]
[EventDate "2020.01.06"]
[EventType "team-swiss (rapid)"]
[EventRounds "7"]
[EventCountry "USA"]
[SourceTitle "CBM 194 Extra"]
[Source "ChessBase"]
[SourceDate "2020.03.31"]
[SourceVersion "1"]
[SourceVersionDate "2020.03.31"]
[SourceQuality "1"]
[WhiteTeam "Canada Chessbrahs"]
[BlackTeam "UK Lions"]
[WhiteTeamCountry "CAN"]
[BlackTeamCountry "ENG"]

1. e4 g6 2. d4 c6 3. c4 d5 4. cxd5 cxd5 5. e5 Nc6 6. Bb5 Bd7 7. Nc3 e6 8. Nf3
Bb4 9. O-O Bxc3 10. Bxc6 Bxc6 11. bxc3 Qa5 12. a4 h6 13. Ba3 Bxa4 14. Qc1 Bb5
15. Re1 a6 16. Be7 Qc7 17. Bf6 Nxf6 18. exf6 Rc8 19. Re3 g5 20. Ne5 Qd8 21. Rh3
Qd6 22. f4 Qf8 23. fxg5 hxg5 24. Rxh8 Qxh8 25. Qxg5 Rxc3 26. h4 Bd3 27. Qd2 Rc7
28. Qxd3 Qxf6 29. Qg3 Qh6 30. Rf1 Qh7 31. Ng4 Qc2 32. Qd6 1-0

[Event "PRO League Stage"]
[Site "Chess.com INT"]
[Date "2020.01.29"]
[Round "4"]
[White "Grischuk, Alexander"]
[Black "Haria, Ravi"]
[Result "1-0"]
[WhiteElo "2777"]
[BlackElo "2450"]
[PlyCount "59"]
[EventDate "2020.01.06"]
[EventType "team-swiss (rapid)"]
[EventRounds "7"]
[EventCountry "USA"]
[SourceTitle "CBM 194 Extra"]
[Source "ChessBase"]
[SourceDate "2020.03.31"]
[SourceVersion "1"]
[SourceVersionDate "2020.03.31"]
[SourceQuality "1"]
[WhiteTeam "Canada Chessbrahs"]
[BlackTeam "UK Lions"]
[WhiteTeamCountry "CAN"]
[BlackTeamCountry "ENG"]

1. Nf3 d5 2. g3 Nf6 3. Bg2 e6 4. O-O Be7 5. c4 O-O 6. d3 b6 7. cxd5 exd5 8. d4
Bf5 9. Nc3 h6 10. Ne5 c6 11. Bf4 Nfd7 12. e4 dxe4 13. Nxe4 Nxe5 14. dxe5 Na6
15. Qa4 Nb4 16. Rfd1 b5 17. Qb3 Qa5 18. Bd2 Be6 19. Qf3 Qb6 20. Nf6+ gxf6 21.
exf6 Bc5 22. Bxb4 Bxb4 23. Qf4 Rfd8 24. Qxb4 c5 25. Qf4 Rxd1+ 26. Rxd1 Rd8 27.
Qxh6 Rxd1+ 28. Bf1 Rxf1+ 29. Kxf1 Bc4+ 30. Kg1 1-0

[Event "PRO League Stage"]
[Site "Chess.com INT"]
[Date "2020.01.29"]
[Round "4"]
[White "Harvey, Marcus Ross"]
[Black "Grischuk, Alexander"]
[Result "0-1"]
[WhiteElo "2419"]
[BlackElo "2777"]
[PlyCount "98"]
[EventDate "2020.01.06"]
[EventType "team-swiss (rapid)"]
[EventRounds "7"]
[EventCountry "USA"]
[SourceTitle "CBM 194 Extra"]
[Source "ChessBase"]
[SourceDate "2020.03.31"]
[SourceVersion "1"]
[SourceVersionDate "2020.03.31"]
[SourceQuality "1"]
[WhiteTeam "UK Lions"]
[BlackTeam "Canada Chessbrahs"]
[WhiteTeamCountry "ENG"]
[BlackTeamCountry "CAN"]

1. Nf3 d5 2. b3 Bf5 3. Nh4 Bg4 4. h3 Bh5 5. g4 e6 6. Ng2 Bg6 7. Bb2 Nd7 8. d3
h5 9. Nf4 hxg4 10. Nxg6 fxg6 11. e3 Qh4 12. Nd2 g3 13. Qf3 gxf2+ 14. Qxf2 Qxf2+
15. Kxf2 Ngf6 16. Be2 Bd6 17. Rag1 Rh6 18. Nf3 Ke7 19. Ke1 Rah8 20. Bc1 Rxh3
21. Rxh3 Rxh3 22. Rxg6 Rh1+ 23. Rg1 Rxg1+ 24. Nxg1 c6 25. Kf2 e5 26. Nh3 e4 27.
Bb2 Ne5 28. Bd4 c5 29. Bb2 Neg4+ 30. Bxg4 Nxg4+ 31. Ke2 exd3+ 32. cxd3 Be5 33.
Ba3 Bd6 34. Bb2 g6 35. Kf3 Ne5+ 36. Ke2 Nc6 37. Bc3 b5 38. Kf3 a5 39. Nf4 Bxf4
40. Kxf4 Ke6 41. a3 b4 42. axb4 axb4 43. Bg7 Na5 44. Bf8 Nxb3 45. d4 Nxd4 46.
Bxc5 Nc2 47. Bf8 b3 48. Bg7 d4 49. exd4 Kd5 0-1